[Event "SWE-chT 9899"]
[Site "Sweden"]
[Date "1998.11.07"]
[Round "4"]
[White "Sjodin, Bengt"]
[Black "Schneider, Stefan"]
[Result "1/2-1/2"]
[WhiteElo "2175"]
[BlackElo "2320"]
[PlyCount "36"]
[EventDate "1998.??.??"]
[EventType "team"]
[EventRounds "11"]
[EventCountry "SWE"]
[SourceTitle "EXT 2000"]
[Source "ChessBase"]
[SourceDate "1999.11.16"]
[SourceVersion "1"]
[SourceVersionDate "1999.11.16"]
[SourceQuality "1"]

1. d4 Nf6 2. Nf3 e6 3. c4 Bb4+ 4. Nc3 c5 5. g3 cxd4 6. Nxd4 0-0 7. Bg2 d5 8. cxd5 Nxd5 9. Qb3 Qa5 10. Bd2 Nc6 11. Nc2 Bxc3 12. bxc3 Nb6 13. 0-0 Qh5 14. Bf3 Qg6 15. e4 Na5 16. Qb4 Nc6 17. Qb3 Na5 18. Qb4 Nc6 1/2-1/2

[Event "SWE-chT 9899"]
[Site "Sweden"]
[Date "1998.??.??"]
[Round "5"]
[White "Liljedahl, Lennart"]
[Black "Sjodin, Bengt"]
[Result "0-1"]
[WhiteElo "2315"]
[BlackElo "2175"]
[PlyCount "98"]
[EventDate "1998.??.??"]
[EventType "team"]
[EventRounds "11"]
[EventCountry "SWE"]
[SourceTitle "EXT 2000"]
[Source "ChessBase"]
[SourceDate "1999.11.16"]
[SourceVersion "1"]
[SourceVersionDate "1999.11.16"]
[SourceQuality "1"]

1. e4 e6 2. d4 d5 3. exd5 exd5 4. Nf3 Nf6 5. c4 Be7 6. Nc3 0-0 7. h3 Nbd7 8. c5 Re8 9. Be3 c6 10. Bd3 Nf8 11. 0-0 Qc7 12. b4 Nh5 13. Ne5 g6 14. Be2 f6 15. Nd3 Ng7 16. Bf4 Qd8 17. Bh2 Nf5 18. Nf4 g5 19. Nh5 Ne6 20. Bg4 Nfxd4 21. Qd3 b6 22. f4 gxf4 23. Bxf4 bxc5 24. bxc5 Rf8 25. Rae1 Kh8 26. Kh1 a5 27. Qg3 Rg8 28. Be5 Rxg4 29. hxg4 fxe5 30. Qxe5+ Kg8 31. Na4 Ra7 32. g5 Bxg5 33. Nb6 Ba6 34. Rf6 Bxf6 35. Nxf6+ Kf7 36. Nbd7 Rxd7 37. Nxd7 Qxd7 38. Re3 Qe7 39. Qh5+ Kg8 40. Rg3+ Ng7 41. Kh2 Be2 42. Qh3 h5 43. Qc8+ Kh7 44. Qb8 Ndf5 45. Rb3 Bg4 46. Rb6 Qh4+ 47. Kg1 Qe1+ 48. Kh2 h4 49. Rxc6 Ng3 0-1

[Event "SWE-chT 9798"]
[Site "Sweden"]
[Date "1998.??.??"]
[Round "9"]
[White "Wieweg, Johnny"]
[Black "Sjodin, Bengt"]
[Result "1/2-1/2"]
[WhiteElo "2260"]
[BlackElo "2175"]
[PlyCount "66"]
[EventDate "1997.??.??"]
[EventType "team"]
[EventRounds "9"]
[EventCountry "SWE"]
[SourceTitle "EXT 2000"]
[Source "ChessBase"]
[SourceDate "1999.11.16"]
[SourceVersion "1"]
[SourceVersionDate "1999.11.16"]
[SourceQuality "1"]

1. e4 e6 2. d4 d5 3. e5 c5 4. c3 Nc6 5. Nf3 Bd7 6. Be2 cxd4 7. cxd4 Nge7 8. 0-0 Nf5 9. Be3 Be7 10. Qd2 0-0 11. Bd3 Qb6 12. Nc3 Nxe3 13. fxe3 f6 14. exf6 Bxf6 15. Rac1 Be8 16. Na4 Qd8 17. Nc5 Qe7 18. Bb1 Rd8 19. Nd3 Bg6 20. a3 Be4 21. b4 a6 22. a4 g6 23. b5 axb5 24. axb5 Na7 25. b6 Bxd3 26. Bxd3 Nc8 27. Qa5 Qd6 28. Rc7 Nxb6 29. Rxb7 Rb8 30. Rxb8 Rxb8 31. Rc1 Bd8 32. Qb5 Nd7 33. Qc6 Qxc6 1/2-1/2